Development of earthworm burrow systems and the influence of earthworms on soil hydrology

Kaydedildi:
Detaylı Bibliyografya
Yazar: Tom Nicolaas Ligthart
Materyal Türü: Kitap
Dil:Undetermined
Baskı/Yayın Bilgisi: Wageningen Landbouwuniversitei te Wageningen 1996
Konular:
Etiketler: Etiketle
Etiket eklenmemiş, İlk siz ekleyin!
Thư viện lưu trữ: Trung tâm Học liệu Trường Đại học Cần Thơ
LEADER 00591nam a2200181Ia 4500
001 CTU_44154
008 210402s9999 xx 000 0 und d
082 |a 592.64 
082 |b L726/1996 
100 |a Tom Nicolaas Ligthart 
245 0 |a Development of earthworm burrow systems and the influence of earthworms on soil hydrology 
245 0 |c Tom Nicolaas Ligthart 
260 |a Wageningen 
260 |b Landbouwuniversitei te Wageningen 
260 |c 1996 
650 |a earthworms 
904 |i Nguyễn Quang Điền, 010911 
980 |a Trung tâm Học liệu Trường Đại học Cần Thơ